Estudios sobre condiciones de vida en la Argentina contemporánea /

Saved in:
Format: Book
Published: Ciudad Autónoma de Buenos Aires : CLACSO, 2021.
Edition:Primera edición impresa 2021
LEADER 00451nam a22001217a 4500
003 AR-BeUNQ
005 20240702162611.0
999 |c 38784  |d 122584 
245 |a Estudios sobre condiciones de vida en la Argentina contemporánea /  |c Ignacio Llovet, Patricia Scarponetti (Coordinadores) 
250 |a Primera edición impresa 2021 
260 |a Ciudad Autónoma de Buenos Aires :  |b CLACSO,  |c 2021. 
929 |a DONACION  |b CLACSO  |e 20240325  |f PAT0081834  |g 3735  |l Caja 21  |o PR 
942 |c LIB